Выбор электродных покрытий для сварки в воде (Запись № 53317)
[ простой вид ]
| 000 -МАРКЕР | |
|---|---|
| контрольное поле | 01047nam2a22002891 4500 |
| 001 - ИДЕНТИФИКАТОР ЗАПИСИ | |
| контрольное поле | RU\NLR\INFOCOMM55\5000165846 |
| 005 - ИДЕНТИФИКАТОР ВЕРСИИ | |
| контрольное поле | 20250806204825.0 |
| 035 ## - ДРУГИЕ СИСТЕМНЫЕ НОМЕРА | |
| Идентификатор записи | (NLR Aleph) 002415720 |
| 100 ## - ДАННЫЕ ОБЩЕЙ ОБРАБОТКИ | |
| Данные общей обработки | 20050120d1941 u y0rusy50 ca |
| 101 0# - ЯЗЫК РЕСУРСА | |
| Язык текста, звукозаписи и т.д. | русский |
| 102 ## - СТРАНА ПУБЛИКАЦИИ ИЛИ ПРОИЗВОДСТВА | |
| Страна публикации | российская федерация |
| 105 ## - ПОЛЕ КОДИРОВАННЫХ ДАННЫХ: ТЕКСТОВЫЕ МАТЕРИАЛЫ, МОНОГРАФИЧЕСКИЕ | |
| Кодированные данные о монографическом текстовом документе | y ||||000|y |
| 200 1# - ЗАГЛАВИЕ И СВЕДЕНИЯ ОБ ОТВЕТСТВЕННОСТИ | |
| Основное заглавие | Выбор электродных покрытий для сварки в воде |
| Первые сведения об ответственности | П.М. Иевлев |
| 210 ## - ПУБЛИКАЦИЯ, РАСПРОСТРАНЕНИЕ И ДР. | |
| Дата издания, распространения и т.д. | 1941 |
| 225 1# - СЕРИЯ | |
| Основное заглавие серии | Вопросы судоремонта |
| 461 #0 - УРОВЕНЬ НАБОРА | |
| Встроенное поле | 001RU\NLR\INFOCOMM55\5000165752 |
| -- | 2001#$aТруды Центрального научно-исследовательского института речного флота$fМ-во реч. флота СССР$vВып.4 |
| 700 #1 - ИМЯ ЛИЦА - ПЕРВИЧНАЯ ОТВЕТСТВЕННОСТЬ | |
| Начальный элемент ввода | Иевлев |
| Часть имени, кроме начального элемента ввода | П.М. |
| Код отношения | Автор |
| 801 #1 - ИСТОЧНИК ЗАПИСИ | |
| Страна | российская федерация |
| Организация | InfoComm |
| Дата составления | 20050120 |
| 801 #0 - ИСТОЧНИК ЗАПИСИ | |
| Страна | российская федерация |
| Организация | NLR |
| Правила каталогизации | PSBO |
| 852 ## - МЕСТОНАХОЖДЕНИЕ И ШИФР ХРАНЕНИЯ | |
| Идентификатор организации | NLR |
| Шифр хранения (Call Number) | П10/843 |
| 942 ## - ДОПОЛНИТЕЛЬНЫЕ ЭЛЕМЕНТЫ ЗАПИСИ (АБИС) | |
| Тип экземпляра АБИС | Выпуск |
| 945 ## - Информацию об издании предоставили: | |
| Полное название организации, предоставившей материал | Российская национальная библиотека |
| 980 ## - КОЛЛЕКЦИЯ | |
| Название коллекции | Национальная библиография |
| 980 ## - КОЛЛЕКЦИЯ | |
| Название коллекции | Библиография Победы |
| 980 ## - КОЛЛЕКЦИЯ | |
| Название коллекции | Русская периодика |
Нет доступных экземпляров.





